000 00310nam a2200121 i 4500
001 bg
245 0 _aMikronośniki elektryczne. :
_bBadanie właściwości statycznych i dynamicznych.
260 _aKoszalin,
_c1991.
040 _cBPK
041 _apol
942 _cKS
008 s pl f |000 0 pol
999 _c4625
_d4625
856 _uhttp://koha.tu.koszalin.pl/cgi-bin/koha/opac-detail.pl?biblionumber=4625
_yKatalog online BPK